| 000 | 00494nam a2200145Ia 4500 | ||
|---|---|---|---|
| 008 | 160209s9999 xx 000 0 und d | ||
| 100 | _aKloos, H. | ||
| 245 | _aCurrent topics in children's learning and cognition / | ||
| 245 | _cH. Kloos, B.J. Morris, and J.L. Amaral. | ||
| 260 | _bIn Tech | ||
| 260 | _c2012 | ||
| 650 | _xCognitive styles in Children. | ||
| 650 | _xLearning, Psychology of. | ||
| 856 | _uhttp://www.intechopen.com/books/current-topics-in-children-s-learning-and-cognition | ||
| 999 |
_c290492 _d290492 |
||